Katarína : (Record no. 2719)

MARC details
000 -LEADER
fixed length control field 01073cam a2200301 a 4500
005 - DATE AND TIME OF LATEST TRANSACTION
control field 20240111094709.0
020 ## - INTERNATIONAL STANDARD BOOK NUMBER
International Standard Book Number 0374339848
020 ## - INTERNATIONAL STANDARD BOOK NUMBER
International Standard Book Number 9780439099042
040 ## - CATALOGING SOURCE
Original cataloging agency DLC
Transcribing agency DLC
Modifying agency DLC
-- OCoLC
-- DLC
Language of cataloging eng
050 00 - LIBRARY OF CONGRESS CALL NUMBER
Classification number PZ7.W7548
Item number Kat 1998
082 00 - DEWEY DECIMAL CLASSIFICATION NUMBER
Classification number 813
Edition number 21
100 1# - MAIN ENTRY--PERSONAL NAME
Personal name Winter, Kathryn
245 10 - TITLE STATEMENT
Title Katarína :
Remainder of title a novel /
Statement of responsibility, etc. Kathryn Winter
250 ## - EDITION STATEMENT
Edition statement First Scholastic trade paperback printing, October 1999
260 ## - PUBLICATION, DISTRIBUTION, ETC.
Place of publication, distribution, etc. New York :
Name of publisher, distributor, etc. Farrar Straus Giroux,
Date of publication, distribution, etc. 1998
300 ## - PHYSICAL DESCRIPTION
Extent 255 pages ;
Dimensions 22 cm
505 ## - FORMATTED CONTENTS NOTE
Formatted contents note M
520 ## - SUMMARY, ETC.
Summary, etc. During World War II in Slovakia, a young Jewish girl in hiding becomes a devout Catholic and is sustained by her belief that she will return home to her family as soon as the war ends.
521 ## - TARGET AUDIENCE NOTE
Target audience note 660
Source Lexile
521 ## - TARGET AUDIENCE NOTE
Target audience note M
Source Raz-Plus
650 #0 - SUBJECT ADDED ENTRY--TOPICAL TERM
Topical term or geographic name entry element World War, 1939-1945
Geographic subdivision Slovakia
General subdivision Juvenile fiction.
650 #1 - SUBJECT ADDED ENTRY--TOPICAL TERM
Topical term or geographic name entry element World War, 1939-1945
Geographic subdivision Slovakia
General subdivision Fiction.
650 #1 - SUBJECT ADDED ENTRY--TOPICAL TERM
Topical term or geographic name entry element Jews
Geographic subdivision Slovakia
General subdivision Fiction.
650 #1 - SUBJECT ADDED ENTRY--TOPICAL TERM
Topical term or geographic name entry element Orphans
General subdivision Fiction.
906 ## - LOCAL DATA ELEMENT F, LDF (RLIN)
a 7
b cbc
c orignew
d 1
e ocip
f 19
g y-gencatlg
942 ## - ADDED ENTRY ELEMENTS (KOHA)
Source of classification or shelving scheme Dewey Decimal Classification
Koha item type Books
Suppress in OPAC No
999 ## -
-- 2719
-- 2719
Holdings
Withdrawn status Lost status Source of classification or shelving scheme Damaged status Not for loan Collection Home library Current library Shelving location Date acquired Total Checkouts Full call number Barcode Date last seen Price effective from Koha item type
    Dewey Decimal Classification     Fiction Footprints International School Library Network Toul Kork Campus Footprints International School Library Network Toul Kork Campus   01/11/2024   WIN 813 PZ7.W7548 FISSE00842 01/11/2024 01/11/2024 Books